000 00642nam a2200217 i 4500
001 bg
100 1 _aDUPRÈ La TOUR, Sabine
245 1 0 _aPremiers exercices de grammaire /
_cSabine Duprè la Tour, Geneviève-Dominique de Salins.
260 _aParis :
_bHatier :
_bDidier,
_ccop.1991.
300 _a127 s. :
_brys. ;
_c25 cm.
650 9 _aJęzyk francuski
_xgramatyka
655 _aĆwiczenia i zadania
700 1 _aSALINS, Geneviève-Dominique
_cde
020 _a2278063006
040 _cBPK
041 0 _afr
080 _a811.133.1'36(076)
920 _a2-278-06300-6
942 _cKS
008 s pl f |000 0 pol
999 _c36267
_d36267